Từ điển Nga - Việt thực hành

Bewaard in:
Bibliografische gegevens
Hoofdauteur: Alôsina I.E
Formaat: Boek
Gepubliceerd in: [ Kđ ] [ Knxb ] 1988
Onderwerpen:
Tags: Voeg label toe
Geen labels, Wees de eerste die dit record labelt!
Thư viện lưu trữ: Trung tâm Học liệu Lê Vũ Hùng, Trường Đại học Đồng Tháp
LEADER 00699pam a22002178a 4500
001 00020195
005 20180920150903.0
008 110513s1988 ||||||Russd
041 0 # |a Rus-Vie 
082 1 4 |a 491.700 3  |b T550Đ 
100 0 # |a Alôsina I.E 
245 0 0 |a Từ điển Nga - Việt thực hành  |c I.E Alôsina 
260 # # |a [ Kđ ]  |b [ Knxb ]  |c 1988 
300 # # |a 502 tr.  |c 19 cm. 
650 # 4 |a Tiếng Nga 
650 # 4 |a Tiếng Việt 
650 # 4 |a Từ điển 
852 # # |b Kho đọc 
852 # # |j KD.0007509  |j KM.0026460  |j KM.0026457  |j KM.0026458  |j KM.0026459 
910 |d 13/05/2011 
980 # # |a Trung tâm Học liệu Lê Vũ Hùng, Trường Đại học Đồng Tháp